Η αλλαγή στην παιδεία παιδεία για την αλλαγή
Αποθηκεύτηκε σε:
| Κύριος συγγραφέας: | |
|---|---|
| Άλλοι συγγραφείς: | |
| Μορφή: | Βιβλίο |
| Γλώσσα: | Greek |
| Δημοσίευση: |
Θεσσαλονίκη :
Παρατηρητής,
1982
|
| Σειρά: | Εκπαιδευτικά θέματα
|
| Θέματα: | |
| Ετικέτες: |
Προσθήκη ετικέτας
Δεν υπάρχουν, Καταχωρήστε ετικέτα πρώτοι!
|
MARC
| LEADER | 00000nam a2200000 i 4500 | ||
|---|---|---|---|
| 001 | 1/20096 | ||
| 008 | 960926s1982 gre d | ||
| 035 | |a 1986 |b 3 |c Τσιάκαλος |l 10035947 | ||
| 040 | |a GR-MY-UA |b gre |e aacr | ||
| 041 | 0 | |a gre | |
| 082 | 0 | |a 378.155009495 | |
| 100 | 1 | |a Ρόκος, Δημήτριος Κλ. | |
| 245 | 1 | 2 | |a Η αλλαγή στην παιδεία παιδεία για την αλλαγή / |c Δ.Ρόκος ; πρόλογος Πέτρος Παπασαραντόπουλος |
| 260 | |a Θεσσαλονίκη : |b Παρατηρητής, |c 1982 | ||
| 300 | |a 272 σ. | ||
| 490 | 1 | |a Εκπαιδευτικά θέματα | |
| 650 | 0 | 0 | |a Universities and colleges |x Law and legislation |z Greece. |
| 650 | 0 | 0 | |a Universities and colleges |z Greece |x History. |
| 700 | 1 | |a Παπασαραντόπουλος, Πέτρος. |4 aui | |
| 830 | 0 | |a Εκπαιδευτικά θέματα | |
| 852 | |a INST |b RHODES |e 19960926 |h 378.155009495 ΡΟΚ |p 005400009021 |q 005400009021 |t BK |y 0 | ||
| 909 | |a Ρ |b 003316 |c 1986 | ||